Animated Movie Trivia - Statistics

General Stats
  • This quiz has been taken 72 times
  • The average score is 6 of 15
Answer Stats
Question Answer % Correct
What makes the house fly? (Up) Balloons
91%
What does the other mother try to sew onto Coraline's eyes? (Coraline) Buttons
74%
Who is the voice of Po? (Kung Fu Panda) Jack Black
69%
What studio has won the most Academy Awards for Best Animated Feature? Pixar
65%
Who took the heart of Te Fiti? (Moana) Maui
57%
What type of bird is Blue? (Rio) Spix's macaw
45%
What Experiment Number is Stitch? (Lilo & Stitch) 626
35%
Who does Remy control? (Ratatouille) Alfredo Linguini Gusteau
35%
Who stole the chipmunks? (Alvin & The Chipmunks) Ian Hawke
25%
Who is the founder of O'Hare Air? (The Lorax) Aloysius O'Hare
22%
Which farmer makes cider? (Fantastic Mr. Fox) Franklin Bean
18%
What is the most expensive animated movie to make? Tangled | The Lion King
18%
Who is the witch thought to be? (Brave) Boo
15%
What tires does Lightning Mcqueen use? (Cars) Lightyear
12%
What is considered to be the most violent animated PG-rated movie ever made? Watership Down
9%
No matching quizzes found
Score Distribution
Percent of People with Each Score
Percentile by Number Answered
Your Score History
You have not taken this quiz